Practical builder's estimating

Bibliographic Details
Main Author: Wainwright, Howard W.
Other Authors: Wood, A. A. B.
Format: Book
Published: Sydney : Hutchinson & Co. , 1967
Edition:4th ed.
Subjects:

MARC

LEADER 00000cam a2200000 7i4500
001 0000009025
005 20161228.0
020 |a 0091449316 
040 |a INS 
090 0 0 |a TH435   |b W35 1967 
100 1 |a Wainwright, Howard W.. 
245 1 0 |a Practical builder's estimating   |c W. Howard Wainwright and A. A. B. Wood 
250 |a 4th ed. 
260 |a Sydney :   |b Hutchinson & Co. ,   |c 1967 
300 |a 188p ;   |c 23cm. 
650 0 0 |a Building   |x Estimates 
700 1 |a Wood, A. A. B. 
999 |a 0000023763   |b BOOK   |c Open Shelf   |e Default branch